Аппаратно-программный комплекс измерения потоков СО2 в системе вода-атмосфера на озере Байкал: автореферат диссертации на соискание ученой степени кандидата технических наук; спец. 05.11.13

Bibliografiske detaljer
Hovedforfatter: Пестунов Д. А. Дмитрий Александрович
Corporate Authors: Российская академия наук (РАН) Сибирское отделение (СО) Институт оптики атмосферы им. В. Е. Зуева (ИОА), Национальный исследовательский Томский политехнический университет (ТПУ)
Andre forfattere: Панченко М. В. Михаил Васильевич (научный руководитель)
Summary:Заглавие с титульного экрана
Электронная версия печатной публикации
Sprog:russisk
Udgivet: Томск, 2010
Fag:
Online adgang:http://www.lib.tpu.ru/fulltext/a/2010/30.pdf
Format: MixedMaterials Electronisk Bog
KOHA link:https://koha.lib.tpu.ru/cgi-bin/koha/opac-detail.pl?biblionumber=184622

MARC

LEADER 00000nlm0a2200000 4500
001 184622
005 20231101223846.0
035 |a (RuTPU)RU\TPU\book\200225 
090 |a 184622 
100 |a 20100916d2010 k y0rusy50 ca 
101 0 |a rus 
102 |a RU 
105 |a a dm 000zy 
135 |a drbn ---uucaa 
181 0 |a i  
182 0 |a b 
200 1 |a Аппаратно-программный комплекс измерения потоков СО2 в системе вода-атмосфера на озере Байкал  |b Электронный ресурс  |e автореферат диссертации на соискание ученой степени кандидата технических наук  |e спец. 05.11.13  |f Д. А. Пестунов  |g Российская академия наук (РАН), Сибирское отделение (СО), Институт оптики атмосферы им. В. Е. Зуева (ИОА) ; Национальный исследовательский Томский политехнический университет (ТПУ) ; науч. рук. М. В. Панченко 
203 |a Текст  |c электронный 
210 |a Томск  |d 2010 
215 |a 1 файл (909 Kb) 
230 |a Электронные текстовые данные (1 файл : 909 Kb) 
300 |a Заглавие с титульного экрана 
300 |a Электронная версия печатной публикации 
337 |a Adobe Reader 
452 1 |0 (RuTPU)RU\TPU\book\197979  |t Аппаратно-программный комплекс измерения потоков СО2 в системе вода-атмосфера на озере Байкал  |o автореферат диссертации на соискание ученой степени кандидата технических наук  |o спец. 05.11.13  |f Д. А. Пестунов  |g Российская академия наук (РАН), Сибирское отделение (СО), Институт оптики атмосферы им. В. Е. Зуева (ИОА) ; Национальный исследовательский Томский политехнический университет (НИ ТПУ) ; науч. рук. М. В. Панченко  |c Томск  |d 2010  |p 19 с.  |a Пестунов, Дмитрий Александрович 
606 1 |a Гидрофизические исследования, озерные  |2 stltpush  |3 (RuTPU)RU\TPU\subj\7084  |9 34815 
610 1 |a система вода-атмосфера 
610 1 |a углекислый газ 
610 1 |a потоки 
610 1 |a газоанализаторы 
610 1 |a Байкал 
610 1 |a измерение 
610 1 |a авторефераты диссертаций 
610 1 |a электронный ресурс 
675 |a 556.551(04)  |v 3 
686 |a 05.11.13  |2 oksvnk 
700 1 |a Пестунов  |b Д. А.  |g Дмитрий Александрович 
702 1 |a Панченко  |b М. В.  |g Михаил Васильевич  |4 727 
712 0 2 |a Российская академия наук (РАН)  |b Сибирское отделение (СО)  |b Институт оптики атмосферы им. В. Е. Зуева (ИОА)  |c (Томск)  |2 stltpush  |3 (RuTPU)RU\TPU\col\318 
712 0 2 |a Национальный исследовательский Томский политехнический университет (ТПУ)  |c (2009- )  |2 stltpush  |3 (RuTPU)RU\TPU\col\15902 
801 1 |a RU  |b 63413507  |c 20100916 
801 2 |a RU  |b 63413507  |c 20110113  |g RCR 
856 4 |u http://www.lib.tpu.ru/fulltext/a/2010/30.pdf 
942 |c CF